[Event "Madrid-ch Previa-A"]
[Site "Madrid"]
[Date "2018.02.21"]
[Round "9"]
[White "Ramos Antona, Enrique"]
[Black "Santiago Garcia, Jorge"]
[Result "1-0"]
[WhiteElo "1587"]
[BlackElo "1483"]
[PlyCount "91"]
[EventDate "2018.02.05"]
[EventType "swiss"]
[EventRounds "9"]
[EventCountry "ESP"]
[SourceTitle "EXT 2020"]
[Source "ChessBase"]
[SourceDate "2019.10.17"]
[SourceVersion "1"]
[SourceVersionDate "2019.10.17"]
[SourceQuality "1"]

1. d4 d5 2. c4 e5 3. dxe5 d4 4. e3 Bb4+ 5. Bd2 dxe3 6. fxe3 Nc6 7. Nf3 Bg4 8. Bxb4 Qxd1+ 9. Kxd1 Nxb4 10. h3 0-0-0+ 11. Nbd2 Bf5 12. Ke2 Nc2 13. Rc1 Bd3+ 14. Kf2 Nb4 15. Rc3 Bxf1 16. Rxf1 Nd3+ 17. Ke2 Nxb2 18. Rb1 Na4 19. Ra3 Nc5 20. Rxa7 Kb8 21. Ra3 h6 22. Nb3 Ne4 23. Na5 Kc8 24. Nxb7 Re8 25. Ra8+ Kd7 26. Rxe8 Kxe8 27. Kd3 f5 28. Na5 Kd7 29. Rb8 Nc5+ 30. Kc3 c6 31. Nd4 Ne4+ 32. Kc2 c5 33. Nxf5 g6 34. Nh4 Ke6 35. Nxg6 Ne7 36. Rxh8 Nxg6 37. Rxh6 Kf5 38. Rh5+ Ng5 39. g4+ Kxe5 40. Rxg5+ Kf6 41. Rxg6+ Kxg6 42. h4 Kh6 43. Nb7 Kg7 44. Nxc5 Kh6 45. a4 Kg6 46. a5 1-0

[Event "Madrid-ch Previa-A"]
[Site "Madrid"]
[Date "2018.02.20"]
[Round "8"]
[White "Santiago Garcia, Jorge"]
[Black "Diaz del Prado, Carlos"]
[Result "1-0"]
[WhiteElo "1483"]
[BlackElo "1302"]
[PlyCount "65"]
[EventDate "2018.02.05"]
[EventType "swiss"]
[EventRounds "9"]
[EventCountry "ESP"]
[SourceTitle "EXT 2020"]
[Source "ChessBase"]
[SourceDate "2019.10.17"]
[SourceVersion "1"]
[SourceVersionDate "2019.10.17"]
[SourceQuality "1"]

1. e4 e5 2. Nf3 Nf6 3. Nc3 Nc6 4. Bc4 Bb4 5. d3 0-0 6. Bd2 Na5 7. Nxe5 Nxc4 8. Nxc4 Re8 9. Ne3 d6 10. 0-0 c6 11. a3 Ba5 12. b4 Bc7 13. Ne2 d5 14. exd5 Qd6 15. Ng3 h5 16. Nc4 Qxd5 17. Re1 Bg4 18. f3 Be6 19. Bc3 Qg5 20. Bxf6 Qxf6 21. Nxh5 Bxh2+ 22. Kxh2 Qh4+ 23. Kg1 Qxh5 24. Nd6 Re7 25. Re2 Rd8 26. Ne4 Qg6 27. Qd2 Bc4 28. Rae1 Kf8 29. Qf4 Bd5 30. Nc5 Rxe2 31. Rxe2 b6 32. Qh4 f6 33. Qh8+ 1-0